Les 10 villes les plus peuplées de l'Isère (38) - Statistiques

Statistiques générales
  • Ce quiz a été pris 55 fois
  • Le résultat moyen est 6 sur 10
Statistiques - réponses
Population Communes % Correct
156 400 Grenoble
100%
36 700 Échirolles
81%
31 600 Vienne
76%
29 800 Bourgoin-Jallieu
70%
38 000 Saint-Martin-d'Hères
70%
21 600 Voiron
63%
22 500 Fontaine
56%
18 800 Meylan
48%
19 000 Villefontaine
44%
17 900 Saint-Égrève
39%
Aucun quiz correspondant
Distribution des résultats
% des personnes avec chaque résultat
Percentile par nombre de réponses
Votre historique - résultats
Vous n’avez pas pris ce quiz